000 00671nam a2200229Ia 4500
003 GCL
008 140319s9999 xx 000 0 ara d
040 _aGCL /
_cGCL
082 0 4 _a0792.9
_bح ا
100 1 _aجونستون كيث
245 1 0 _aالارتجال والمسرح /
_cجونستون كيث
700 1 _aعبدالوهاب محمد حضر
260 _a[S.N] :
_bوزارة الثقافة ،
_c1994
300 _a355 ص
490 _a
650 0 4 _aالمسرح
650 0 4 _aالمسرحيات
650 0 4 _aالمسرح التجريبى
650 0 4 _aالمسرحيات التجريبية
650 0 4 _aتاريخ ونقد
942 _2ddc
_cBK
999 _c35286
_d35286